सत्यकथा 1972 (Record no. 98457)

MARC details
000 -LEADER
fixed length control field 00431nam a2200145Ia 4500
008 - FIXED-LENGTH DATA ELEMENTS--GENERAL INFORMATION
fixed length control field 090124s9999 xx 000 0 und d
082 ## - DEWEY DECIMAL CLASSIFICATION NUMBER
Item number 32382
245 ## - TITLE STATEMENT
Title सत्यकथा 1972
250 ## - EDITION STATEMENT
Edition statement 0
260 ## - PUBLICATION, DISTRIBUTION, ETC. (IMPRINT)
Name of publisher, distributor, etc भागवत विष्णू पुरुषोत्तम
630 ## - SUBJECT ADDED ENTRY--UNIFORM TITLE
Uniform title सत्यकथा 1972
700 ## - ADDED ENTRY--PERSONAL NAME
Personal name पटवर्धन राम
730 ## - ADDED ENTRY--UNIFORM TITLE
Uniform title सत्यकथा 1972
942 ## - ADDED ENTRY ELEMENTS (KOHA)
Koha item type Book
Holdings
Withdrawn status Lost status Damaged status Not for loan Home library Current library Date acquired Cost, normal purchase price Total Checkouts Full call number Barcode Date last seen Cost, replacement price Price effective from Koha item type
        Nagar Wachan Mandir, Thane Nagar Wachan Mandir, Thane   50.00   32382 THNNWM-32382 01/24/2009 50.00 01/24/2009 Book